000 00394nam a2200133 4500
005 20260210130132.0
008 260210b |||||||| |||| 00| 0 eng d
020 _a9789352691968
100 _aUpadhyay Kumar Sushil
245 _aMicrobiology: An Introduction
_c/Sushil Kumar Upadhyay
260 _aNew Delhi;
_bRandom Publications;
_c2019
300 _aviii, 280p. : ill,
_c24cm
942 _2lcc
_n0
_cBK
999 _c151
_d151